SSC multi tasking (non technical) Havaldar (CBIC & CBN) computer based exam 2023/ (Record no. 11677)

MARC details
000 -LEADER
fixed length control field 00615nam a22001937a 4500
005 - DATE AND TIME OF LATEST TRANSACTION
control field 20230929135724.0
008 - FIXED-LENGTH DATA ELEMENTS--GENERAL INFORMATION
fixed length control field 230929b ||||| |||| 00| 0 eng d
020 ## - INTERNATIONAL STANDARD BOOK NUMBER
International Standard Book Number 9789327199925
040 ## - CATALOGING SOURCE
Original cataloging agency IN-DiNC
Transcribing agency IN-DiNC
041 ## - LANGUAGE CODE
Language code of sung or spoken text English
082 ## - DEWEY DECIMAL CLASSIFICATION NUMBER
Classification number 030
Item number SSC
245 ## - TITLE STATEMENT
Title SSC multi tasking (non technical) Havaldar (CBIC & CBN) computer based exam 2023/
Statement of responsibility, etc. by Arihant expert team
260 ## - PUBLICATION, DISTRIBUTION, ETC.
Place of publication, distribution, etc. Meerut:
Name of publisher, distributor, etc. Arihant,
650 ## - SUBJECT ADDED ENTRY--TOPICAL TERM
Topical term or geographic name entry element Reasoning ability and problem solving
650 ## - SUBJECT ADDED ENTRY--TOPICAL TERM
Topical term or geographic name entry element Numerical and mathematical ability
650 ## - SUBJECT ADDED ENTRY--TOPICAL TERM
Topical term or geographic name entry element English language and comprehension
650 ## - SUBJECT ADDED ENTRY--TOPICAL TERM
Topical term or geographic name entry element General awareness
942 ## - ADDED ENTRY ELEMENTS (KOHA)
Source of classification or shelving scheme Dewey Decimal Classification
Koha item type Books
Holdings
Withdrawn status Lost status Source of classification or shelving scheme Damaged status Not for loan Collection code Home library Current library Shelving location Date acquired Cost, normal purchase price Total Checkouts Full call number Barcode Date last seen Date last checked out Copy number Price effective from Koha item type
    Dewey Decimal Classification     General Collection Central Library, Naharkatiya College Central Library, Naharkatiya College General Stacks 29/09/2023 395.00 3 030 SSC 29440 28/08/2024 08/08/2024 1 29/09/2023 Books

Naharkatiya College © 2020. All rights reserved.

Powered By